[Event "Titled Tuesday intern op 06th May Early"]
[Site "Chess.com INT"]
[Date "2025.05.06"]
[Round "10"]
[White "Caku, Kler"]
[Black "Novikova, Margarita"]
[Result "1-0"]
[WhiteElo "2010"]
[BlackElo "1969"]
[PlyCount "105"]
[EventDate "2025.05.06"]
[EventType "swiss (blitz)"]
[EventRounds "11"]
[EventCountry "USA"]
[SourceTitle "CB20_2025"]
[SourceDate "2025.05.14"]
[SourceVersion "1"]
[SourceVersionDate "2025.05.14"]
[SourceQuality "1"]

1. e4 d5 2. exd5 Qxd5 3. Nc3 Qd6 4. Nf3 Nf6 5. h3 Bf5 6. d4 c6 7. Bd3 Bxd3 8. Qxd3 e6 9. 0-0 Nbd7 10. Bg5 Be7 11. Bh4 Qc7 12. Bg3 Bd6 13. Bxd6 Qxd6 14. Rfe1 0-0 15. Rad1 Rad8 16. Ne4 Nxe4 17. Qxe4 Nf6 18. Qh4 Qd5 19. b3 Qf5 20. c4 h6 21. Re5 Qc2 22. Rd2 Qc1+ 23. Kh2 c5 24. d5 exd5 25. cxd5 Rd6 26. Qc4 Qa3 27. Re7 b6 28. Ne5 Qa5 29. Rd3 Qxa2 30. f4 a5 31. Nc6 Qf2 32. Rf3 Qd2 33. Rd3 Qb2 34. Re5 Rfd8 35. Rd1 Kh7 36. Nxd8 Rxd8 37. d6 Rd7 38. Qb5 Qf2 39. Qd3+ g6 40. Qe3 Qh4 41. Qg3 Qxg3+ 42. Kxg3 Nh5+ 43. Kf3 Nf6 44. Re7 Kg7 45. Rxd7 Nxd7 46. Re1 Kf8 47. Re7 Nf6 48. Rb7 Ke8 49. g4 Nd7 50. Ke4 Kd8 51. Kd5 Nf6+ 52. Kc6 Ne8 53. Rb8# 1-0

[Event "EU-ch (Women) 25th"]
[Site "Rhodes"]
[Date "2025.04.07"]
[Round "7"]
[White "Caku, Kler"]
[Black "Harutyunyan, Gabriela"]
[Result "1-0"]
[WhiteElo "2036"]
[BlackElo "1793"]
[PlyCount "87"]
[EventDate "2025.03.31"]
[EventType "swiss"]
[EventRounds "11"]
[EventCountry "GRE"]
[SourceTitle "CB16_2025"]
[SourceDate "2025.04.16"]
[SourceVersion "1"]
[SourceVersionDate "2025.04.16"]
[SourceQuality "1"]

1. e4 c5 2. Nf3 Nc6 3. d4 cxd4 4. Nxd4 Nf6 5. Nc3 e6 6. Ndb5 Bb4 7. a3 Bxc3+ 8. Nxc3 d5 9. exd5 exd5 10. Bd3 0-0 11. 0-0 d4 12. Ne2 Bg4 13. Bg5 Re8 14. f3 Bh5 15. Nf4 Bg6 16. Nxg6 hxg6 17. Qd2 Ne5 18. Rad1 Qb6 19. Bxf6 Qxf6 20. Be4 Rad8 21. Qb4 Rd7 22. Rfe1 Qg5 23. Kh1 Red8 24. Bd3 Nc6 25. Qd2 Qxd2 26. Rxd2 Ne7 27. Bb5 Rc7 28. Kg1 Nf5 29. Ba4 Rcc8 30. Re4 Rd6 31. g4 Nh4 32. Kf2 a5 33. Re5 Rf6 34. Rd3 Rb6 35. Kg3 g5 36. Rxg5 Ng6 37. Rxd4 Rxb2 38. Bb3 Nf8 39. Rxa5 Rb1 40. Rb4 Rg1+ 41. Kf2 Rd1 42. Rxb7 Nd7 43. Rf5 Rc5 44. Rxd7 1-0

[Event "EU-ch (Women) 25th"]
[Site "Rhodes"]
[Date "2025.04.01"]
[Round "2"]
[White "Kochavi, Dana"]
[Black "Caku, Kler"]
[Result "1-0"]
[WhiteElo "2258"]
[BlackElo "2036"]
[PlyCount "75"]
[EventDate "2025.03.31"]
[EventType "swiss"]
[EventRounds "11"]
[EventCountry "GRE"]
[SourceTitle "CB16_2025"]
[SourceDate "2025.04.16"]
[SourceVersion "1"]
[SourceVersionDate "2025.04.16"]
[SourceQuality "1"]

1. e4 e5 2. Nf3 Nc6 3. Bb5 a6 4. Ba4 Nf6 5. 0-0 b5 6. Bb3 Be7 7. Re1 d6 8. c3 0-0 9. h3 Na5 10. Bc2 c5 11. d4 Qc7 12. d5 Nd7 13. b3 Nb6 14. Nbd2 f5 15. exf5 Nxd5 16. Ne4 Qc6 17. Ng3 Nf6 18. Bd2 Qc7 19. Ng5 Nc6 20. a4 bxa4 21. Rxa4 Nd8 22. Qe2 h6 23. N5e4 d5 24. Nxf6+ Bxf6 25. Rg4 Kh8 26. Rg6 e4 27. c4 Bd4 28. Qh5 Nf7 29. cxd5 Kg8 30. f6 Bxf6 31. Nxe4 Bd4 32. Nf6+ Bxf6 33. Rxf6 Nd6 34. Rxf8+ Kxf8 35. Re3 Bb7 36. Rf3+ Kg8 37. Qg6 Nf7 38. Bxh6 1-0

[Event "EU-ch (Women) 25th"]
[Site "Rhodes"]
[Date "2025.03.31"]
[Round "1"]
[White "Caku, Kler"]
[Black "Radeva, Viktoria"]
[Result "0-1"]
[WhiteElo "2036"]
[BlackElo "2265"]
[PlyCount "70"]
[EventDate "2025.03.31"]
[EventType "swiss"]
[EventRounds "11"]
[EventCountry "GRE"]
[SourceTitle "CB16_2025"]
[SourceDate "2025.04.16"]
[SourceVersion "1"]
[SourceVersionDate "2025.04.16"]
[SourceQuality "1"]

1. e4 c5 2. Nf3 e6 3. d4 cxd4 4. Nxd4 a6 5. Nc3 Qc7 6. Bd3 Nf6 7. Qe2 Bb4 8. Bd2 d6 9. 0-0 Bxc3 10. Bxc3 e5 11. Nf5 Bxf5 12. exf5 Nbd7 13. f4 0-0 14. fxe5 dxe5 15. Rae1 Rfe8 16. Qf3 Rac8 17. Re3 Qc5 18. Kh1 Nd5 19. Re4 Nxc3 20. bxc3 Nf6 21. Rc4 Qe7 22. Rxc8 Rxc8 23. Be4 b5 24. Rd1 h5 25. h3 Rc4 26. Re1 Qa3 27. Re3 Qa4 28. Bd5 Rf4 29. Bxf7+ Kxf7 30. Qb7+ Kf8 31. Qc8+ Ne8 32. Qc5+ Kg8 33. Qxe5 Nf6 34. Qe6+ Kh7 35. g3 Re4 0-1

[Event "Titled Tuesday intern op 25th Mar Early"]
[Site "Chess.com INT"]
[Date "2025.03.25"]
[Round "6"]
[White "Henderson de la Fuente, Andrea"]
[Black "Caku, Kler"]
[Result "0-1"]
[WhiteElo "2002"]
[BlackElo "2036"]
[PlyCount "42"]
[EventDate "2025.03.25"]
[EventType "swiss (blitz)"]
[EventRounds "11"]
[EventCountry "USA"]
[SourceTitle "CB14_2025"]
[SourceDate "2024.11.01"]
[SourceVersion "1"]
[SourceVersionDate "2024.11.01"]
[SourceQuality "1"]

1. e4 e5 2. Nf3 Nc6 3. Bb5 a6 4. Ba4 b5 5. Bb3 Be7 6. 0-0 Nf6 7. d3 d6 8. c3 0-0 9. Re1 Na5 10. Bc2 c5 11. Nbd2 Qc7 12. Nf1 Nd7 13. Ng3 Nb6 14. d4 c4 15. dxe5 dxe5 16. Be3 Bc5 17. Qe2 Nb7 18. Nh4 g6 19. Bh6 Re8 20. Rad1 Be7 21. Be3 Bxh4 0-1

[Event "Titled Tuesday intern op 18th Mar Late"]
[Site "Chess.com INT"]
[Date "2025.03.18"]
[Round "8"]
[White "Avramidou, Anastasia"]
[Black "Caku, Kler"]
[Result "1-0"]
[WhiteElo "2275"]
[BlackElo "2036"]
[PlyCount "133"]
[EventDate "2025.03.18"]
[EventType "swiss (blitz)"]
[EventRounds "11"]
[EventCountry "USA"]
[SourceTitle "CB13_2025"]
[SourceDate "2025.03.26"]
[SourceVersion "1"]
[SourceVersionDate "2025.03.26"]
[SourceQuality "1"]

1. Nf3 d5 2. d4 e6 3. c4 Nf6 4. cxd5 exd5 5. Nc3 c6 6. Bg5 h6 7. Bxf6 Qxf6 8. e3 Bd6 9. Bd3 0-0 10. Qc2 Bg4 11. Be2 Bf5 12. Bd3 Bxd3 13. Qxd3 Nd7 14. Rc1 Rfe8 15. 0-0 Rac8 16. Rfe1 Bb8 17. Qd1 Qd6 18. g3 Nf6 19. Kg2 Ne4 20. Nxe4 dxe4 21. Nd2 Qg6 22. Qb3 b6 23. Rc4 Re6 24. Rec1 Rf6 25. Qd1 Qf5 26. Qe2 Rg6 27. d5 Qxd5 28. Rd4 Qxa2 29. Nxe4 Qe6 30. Nc3 c5 31. Rd5 Qc6 32. Rcd1 Rd8 33. e4 Rgd6 34. Qg4 Rxd5 35. Nxd5 Kh8 36. Qf3 Qe6 37. Nf4 Qf6 38. Rxd8+ Qxd8 39. Nd5 Qe8 40. b3 Qe6 41. h3 b5 42. Qd3 a6 43. Qc2 Bd6 44. Ne3 Qe5 45. Nf5 Bf8 46. Ne3 g6 47. Qd3 Qd4 48. Qc2 Bg7 49. Nd5 Qb2 50. Qd3 Qd4 51. Qf3 Kg8 52. Ne7+ Kh7 53. Qxf7 Qxe4+ 54. Kh2 h5 55. Qg8+ Kh6 56. Qc8 Qf3 57. Qxc5 Qf7 58. Nd5 Kh7 59. Nf4 Qf5 60. Qc7 Qf6 61. h4 a5 62. Nh3 Qe5 63. Ng5+ Kh6 64. Nf7+ Kh7 65. Nxe5 a4 66. bxa4 bxa4 67. Nc4 1-0

[Event "Titled Tuesday intern op 18th Mar Late"]
[Site "Chess.com INT"]
[Date "2025.03.18"]
[Round "2"]
[White "Caku, Kler"]
[Black "Fishbein, Alexander"]
[Result "0-1"]
[WhiteElo "2036"]
[BlackElo "2376"]
[PlyCount "64"]
[EventDate "2025.03.18"]
[EventType "swiss (blitz)"]
[EventRounds "11"]
[EventCountry "USA"]
[SourceTitle "CB13_2025"]
[SourceDate "2025.03.26"]
[SourceVersion "1"]
[SourceVersionDate "2025.03.26"]
[SourceQuality "1"]

1. e4 c5 2. Nf3 d6 3. d4 cxd4 4. Nxd4 Nf6 5. Nc3 Nc6 6. Be2 e5 7. Ndb5 a6 8. Na3 b5 9. Nd5 Nxe4 10. Bf3 Nc5 11. Nf6+ gxf6 12. Bxc6+ Bd7 13. Bxa8 Qxa8 14. Qf3 Qxf3 15. gxf3 Bc6 16. Ke2 b4 17. Nb1 d5 18. a3 b3 19. Nd2 bxc2 20. Nf1 Bb5+ 21. Ke1 Nb3 22. Ra2 Nxc1 23. Kd2 Bh6+ 24. Kxc2 Ba4+ 25. Kb1 Bb3 26. Ra1 Nd3 27. Ng3 Kd7 28. Nf5 Bf4 29. Rg1 Rc8 30. Ne3 Bxe3 31. fxe3 Rc2 32. h4 Rxb2# 0-1

[Event "Titled Tuesday intern op 18th Mar Late"]
[Site "Chess.com INT"]
[Date "2025.03.18"]
[Round "1"]
[White "Caku, Kler"]
[Black "Hajiyev, Kanan"]
[Result "1-0"]
[WhiteElo "2036"]
[BlackElo "2159"]
[PlyCount "69"]
[EventDate "2025.03.18"]
[EventType "swiss (blitz)"]
[EventRounds "11"]
[EventCountry "USA"]
[SourceTitle "CB13_2025"]
[SourceDate "2025.03.26"]
[SourceVersion "1"]
[SourceVersionDate "2025.03.26"]
[SourceQuality "1"]

1. e4 a6 2. d4 c6 3. Nf3 d5 4. exd5 cxd5 5. c3 Nc6 6. Bf4 Bg4 7. Bd3 e6 8. Nbd2 Bd6 9. Bg3 Nge7 10. Qb3 0-0 11. 0-0 Bxg3 12. hxg3 Qc7 13. Rfe1 b5 14. a4 Na5 15. Qc2 Bf5 16. Ne5 b4 17. Re3 bxc3 18. bxc3 Rac8 19. g4 Bxd3 20. Qxd3 Nec6 21. Rh3 h6 22. f4 Nxe5 23. fxe5 Nc4 24. Nb3 Rb8 25. Nc5 Rb2 26. g5 Rd2 27. Qg3 Rd3 28. Qxd3 Nxe5 29. dxe5 Qxc5+ 30. Qd4 Qe7 31. gxh6 g6 32. h7+ Kh8 33. Qh4 Qc5+ 34. Kh1 Rc8 35. Qf6# 1-0

[Event "Titled Tuesday intern op 18th Mar Late"]
[Site "Chess.com INT"]
[Date "2025.03.18"]
[Round "9"]
[White "Patel, Maahir M"]
[Black "Caku, Kler"]
[Result "1-0"]
[WhiteElo "2082"]
[BlackElo "2036"]
[PlyCount "77"]
[EventDate "2025.03.18"]
[EventType "swiss (blitz)"]
[EventRounds "11"]
[EventCountry "USA"]
[SourceTitle "CB13_2025"]
[SourceDate "2025.03.26"]
[SourceVersion "1"]
[SourceVersionDate "2025.03.26"]
[SourceQuality "1"]

1. f3 d5 2. Kf2 e5 3. e3 Nf6 4. d4 Nc6 5. c3 Bd6 6. Bb5 e4 7. f4 h5 8. c4 h4 9. cxd5 Nxd5 10. Nc3 Nf6 11. d5 a6 12. Ba4 b5 13. Nxb5 axb5 14. Bxb5 Bd7 15. Bxc6 Bxc6 16. dxc6 h3 17. Nxh3 Qc8 18. Ng5 Qf5 19. h3 Qb5 20. Qc2 Ra4 21. b3 Ra6 22. Bb2 Rxc6 23. Qd2 Bb4 24. Qd4 Bc5 25. Qe5+ Kf8 26. Nxe4 Qb6 27. Nxc5 Rxc5 28. Ba3 Kg8 29. Bxc5 Qc6 30. Rad1 Ne4+ 31. Kg1 Nxc5 32. Rd8+ Kh7 33. Qh5+ Qh6 34. Rxh8+ Kxh8 35. Qxc5 Qh4 36. Kh2 Qf2 37. Rd1 g5 38. Qxg5 Qe2 39. Rd8+ 1-0

[Event "Titled Tuesday intern op 25th Feb Early"]
[Site "Chess.com INT"]
[Date "2025.02.25"]
[Round "1"]
[White "Caku, Kler"]
[Black "Kozlov, Oleg"]
[Result "0-1"]
[WhiteElo "2036"]
[BlackElo "2253"]
[PlyCount "64"]
[EventDate "2025.02.25"]
[EventType "swiss (blitz)"]
[EventRounds "11"]
[EventCountry "USA"]
[SourceTitle "CB10_2025"]
[SourceDate "2025.03.05"]
[SourceVersion "1"]
[SourceVersionDate "2025.03.05"]
[SourceQuality "1"]

1. e4 c5 2. Nf3 e6 3. d4 cxd4 4. Nxd4 a6 5. Nc3 b5 6. a3 Bb7 7. Be3 Nf6 8. Bd3 d5 9. exd5 Nxd5 10. Nxd5 Qxd5 11. Nf3 Nd7 12. Qe2 Rc8 13. Rd1 Qh5 14. Bd4 Bc5 15. Be4 Bxe4 16. Qxe4 Bxd4 17. Qxd4 Nf6 18. Qb6 0-0 19. c3 Nd5 20. Qd4 Rc4 21. Qd2 Rg4 22. 0-0 Nf4 23. g3 Nd5 24. Kg2 h6 25. h3 Nf4+ 26. Kg1 Nxh3+ 27. Kg2 Nf4+ 28. Kg1 Qh3 29. Nh4 Qxh4 30. f3 Qxg3+ 31. Kh1 Rh4+ 32. Qh2 Rxh2# 0-1

[Event "Titled Tuesday intern op 25th Feb Early"]
[Site "Chess.com INT"]
[Date "2025.02.25"]
[Round "9"]
[White "Skytte, Rasmus"]
[Black "Caku, Kler"]
[Result "1-0"]
[WhiteElo "2335"]
[BlackElo "2036"]
[PlyCount "55"]
[EventDate "2025.02.25"]
[EventType "swiss (blitz)"]
[EventRounds "11"]
[EventCountry "USA"]
[SourceTitle "CB10_2025"]
[SourceDate "2025.03.05"]
[SourceVersion "1"]
[SourceVersionDate "2025.03.05"]
[SourceQuality "1"]

1. e4 e5 2. Nf3 Nc6 3. Bc4 Bc5 4. d4 Bxd4 5. Nxd4 Nxd4 6. Be3 Ne6 7. Bxe6 dxe6 8. Qg4 Qf6 9. Nc3 h5 10. Qg3 h4 11. Qg4 Nh6 12. Bxh6 Rxh6 13. Nb5 Rg6 14. Qh5 Qd8 15. Qxe5 c6 16. Nc7+ Kf8 17. Nxa8 Rxg2 18. Rd1 Qe8 19. Qd6+ Kg8 20. Nc7 Qf8 21. Qxf8+ Kxf8 22. Rd8+ Ke7 23. Rxc8 Kd7 24. Rf8 Kxc7 25. Rxf7+ Kd6 26. Kf1 Rg4 27. f3 Rg6 28. Rg1 1-0

[Event "Titled Tuesday intern op 11th Feb Early"]
[Site "Chess.com INT"]
[Date "2025.02.11"]
[Round "4"]
[White "Caku, Kler"]
[Black "Antoniou, Rafail"]
[Result "1/2-1/2"]
[WhiteElo "2036"]
[BlackElo "2041"]
[PlyCount "237"]
[EventDate "2025.02.11"]
[EventType "swiss (blitz)"]
[EventRounds "11"]
[EventCountry "USA"]
[SourceTitle "CB08_2025"]
[SourceDate "2025.02.19"]
[SourceVersion "1"]
[SourceVersionDate "2025.02.19"]
[SourceQuality "1"]

1. e4 c5 2. Nf3 e6 3. d4 cxd4 4. Nxd4 Nf6 5. Nc3 Nc6 6. Be3 Bb4 7. Bd3 d5 8. exd5 Nxd5 9. Nxc6 bxc6 10. Bd2 Qa5 11. Nxd5 Bxd2+ 12. Qxd2 Qxd2+ 13. Kxd2 cxd5 14. c4 dxc4 15. Bxc4 Bb7 16. Ke3 Ke7 17. f3 Rac8 18. b3 Rc5 19. Rhd1 Rh5 20. h3 Re5+ 21. Kf4 Rf5+ 22. Ke3 Re5+ 23. Kf4 Ra5 24. Rd2 Rd8 25. Rad1 Rxd2 26. Rxd2 Rf5+ 27. Ke3 h5 28. f4 h4 29. a4 g5 30. Rf2 gxf4+ 31. Rxf4 Bxg2 32. Rxf5 exf5 33. Kf4 Bxh3 34. Kg5 a5 35. Kxh4 Bg2 36. Kg5 Be4 37. Bb5 Bd5 38. Kxf5 Bxb3 39. Ke5 f6+ 40. Kf5 Bc2+ 41. Kf4 f5 42. Ke5 Kf7 43. Bd7 Kg6 44. Kf4 Kf6 45. Bb5 Ke7 46. Ke5 Kf7 47. Bd7 Kg6 48. Kf4 Kf6 49. Bb5 Bb3 50. Bc6 Be6 51. Bb5 Ke7 52. Ke5 Kf7 53. Bc6 Bc8 54. Kf4 Ke6 55. Bb5 Kd6 56. Bd3 Kc5 57. Bb5 Kb4 58. Ke5 Kb3 59. Kd4 Be6 60. Ke5 Bc4 61. Bd7 Bd3 62. Kd4 Be4 63. Ke5 Kb4 64. Kd4 Bc2 65. Ke5 Bxa4 66. Bxf5 Kc3 67. Kf4 Bc2 68. Bd7 Bb3 69. Ke3 Bc2 70. Ke2 Bb3 71. Ke1 Kd3 72. Bf5+ Kc4 73. Bd7 Kc3 74. Ke2 Kb4 75. Kd2 Ka3 76. Kc1 Ka2 77. Bc6 Bc4 78. Bd7 Bd5 79. Be8 Kb3 80. Bd7 Bc4 81. Kb1 Ba6 82. Ka1 Bb7 83. Be6+ Kb4 84. Bd7 Ba6 85. Be6 Ka3 86. Bf7 Bb5 87. Be6 Kb4 88. Bf7 a4 89. Ba2 Kc3 90. Bb1 Kb3 91. Ba2+ Ka3 92. Bb1 Bc4 93. Ba2 Bd3 94. Bb1 Be2 95. Ba2 Kb4 96. Bb1 a3 97. Ba2 Kc3 98. Bg8 Bf3 99. Ba2 Kb4 100. Bb1 Bd5 101. Ba2 Bc6 102. Bb1 Ka4 103. Ba2 Bb7 104. Bb1 Ba6 105. Ba2 Bc4 106. Bb1 Be2 107. Ba2 Bf3 108. Bb1 Kb4 109. Ba2 Kc3 110. Bb1 Kd2 111. Ba2 Kc1 112. Bb1 Bg4 113. Ba2 Bd7 114. Bb1 Kd2 115. Ba2 Bf5 116. Bb1 Bc2 117. Bxc2 Kxc2 118. Ka2 Kc3 119. Kxa3 1/2-1/2

[Event "Titled Tuesday intern op 28th Jan Early"]
[Site "Chess.com INT"]
[Date "2025.01.28"]
[Round "6"]
[White "Caku, Kler"]
[Black "Slade, Theodore Luke"]
[Result "0-1"]
[WhiteElo "2036"]
[BlackElo "2070"]
[PlyCount "74"]
[EventDate "2025.01.28"]
[EventType "swiss (blitz)"]
[EventRounds "11"]
[EventCountry "USA"]
[SourceTitle "CB06_2025"]
[SourceDate "2025.02.05"]
[SourceVersion "1"]
[SourceVersionDate "2025.02.05"]
[SourceQuality "1"]

1. e4 e5 2. Nf3 Nc6 3. d4 exd4 4. Nxd4 Nf6 5. Nc3 Bb4 6. Nxc6 bxc6 7. Bd3 d5 8. exd5 0-0 9. 0-0 cxd5 10. Bg5 Be6 11. Qf3 h6 12. Bh4 g5 13. Bg3 Bg4 14. Qe3 d4 15. Qd2 dxc3 16. bxc3 Bc5 17. Be5 Re8 18. Rae1 Nd7 19. Bg3 Bd6 20. h3 Be6 21. f4 Nc5 22. Qf2 Nxd3 23. cxd3 Qf6 24. f5 Bd5 25. d4 Bc4 26. Rxe8+ Rxe8 27. Rd1 Re2 28. Qf3 Bxg3 29. Qxg3 Bd5 30. c4 Rxg2+ 31. Qxg2 Bxg2 32. Kxg2 Qxf5 33. Rd2 Qe4+ 34. Kf2 Qf4+ 35. Ke2 Qh2+ 36. Kd1 Qxh3 37. d5 Qf1+ 0-1